Gua̕ prc̀tica de IVA 2018

Detalles Bibliográficos
Autor principal: Přez Chv̀ez, Još
Otros Autores: Fol Olgun̕, Raymundo
Formato: eBook
Lenguaje:español
Publicado: Ciudad de Mx̌ico: Tax Editores, 2018
Materias:
Acceso en línea:Acceso restringido

MARC

LEADER 00000nam a22000007a 4500
005 20180515231936.0
007 cr|||| ||||
008 180515s2018 mx |||||s|||| 00||0 spa d
020 |a 978-607-629-169-6 
035 |a 21704 
040 |a vLex 
090 |c 7968  |d 7968 
100 1 |a Přez Chv̀ez, Još 
245 1 0 |a Gua̕ prc̀tica de IVA 2018  |h [Recurso electrn̤ico] /  |c Jos ̌Přez Chv̀ez, Raymundo Fol Olgun̕ 
256 |a Servicio en ln̕ea 
260 |a Ciudad de Mx̌ico:  |b Tax Editores,  |c 2018 
300 |a 1 recurso electrn̤ico 
500 |a Uno de los tributos que ms̀ repercusiones tiene en las finanzas pb︢licas del pas̕ es el impuesto al valor agregado (IVA). No obstante, desde nuestro punto de vista, el material bibliogrf̀ico enfocado al estudio de este impuesto es escaso en comparacin̤ con el anl̀isis de otras contribuciones como el ISR, lo cual se debe a las caracters̕ticas del IVA. Sin embargo, en el cl̀culo de los pagos definitivos del IVA intervienen diversos elementos, tales como el IVA trasladado, el IVA retenido, el IVA acreditable y los saldos a favor del IVA de periodos anteriores. Conscientes de esto, Tax Editores presenta la Gua̕ prc̀tica de IVA en la que, a travš de ejemplos prc̀ticos, se lleva a cabo un anl̀isis de las disposiciones contenidas en la Ley del Impuesto al Valor Agregado, partiendo desde los supuestos que deben ser considerados para saber si una actividad est ̀ sujeta al impuesto y hasta el momento en el que los contribuyentes determinen el monto del IVA que deban enterar en sus pagos mensuales definitivos. La obra incluye un glosario cuya finalidad es que el lector cuente con un material que le permita conocer los conceptos utilizados en este libro, as ̕como un apňdice de los criterios normativos del SAT vigentes, mismos que se relacionan con el IVA. De este modo, en el presente apňdice se puede consultar el texto n̕tegro de los referidos criterios. La obra est ̀dirigida, principalmente, a los estudiantes de la materia fiscal, a los profesores de impuestos federales, a los despachos de contadores pb︢licos y, en general, a las personas que estň interesadas en conocer ms̀ sobre este tributo fiscal tan importante para nuestro pas̕. 
506 1 |a Disponible solo en los productos indicados  |d vLex Global  |d vLex Global (Academic Edition, excluding Law Schools)  |d vLex Global (U.S. Academic Edition, Law Schools)  |d vLex Global (U.S. Academic Edition, excluding Law Schools)  |d vLex Global (Academic Edition, Law Schools) 
650 0 4 |a Derecho Fiscal  |z Mx̌ico 
700 1 |a Fol Olgun̕, Raymundo 
740 0 |a vLex Libros (Servicio en ln̕ea) 
856 4 0 |u http://vlex.com/source/guia-practica-de-iva-2018-21704  |z Acceso restringido 
942 |c BOOK 
999 0 |a Tax Law